000 00513cam a22002054a 4500
005 20250605164302.0
008 250528s ||||||||||||||||||||||||d
035 _a22113
020 _a9781446256268
040 _aGR-AtMCL
_bgre
_dGR-AtMCL
_eAACR2
245 1 _aSUCCESS WITH YOUR EARLY YEARS RESEARCH PROJECT
250 _a1
260 _bSage Publications,
_c2014
300 _a147
700 1 _aSolvason Carla
_97992
700 1 _aWalker Rosie
_97993
942 _cBK
999 _c7169
_d7169